Top 3 Countries by Environment - Statistics

General Stats
  • This quiz has been taken 28 times
  • The average score is 22 of 30
Answer Stats
Category Continent Answer % Correct
Most biodiverse nation South America Brazil
92%
Driest nation Africa Egypt
92%
Rainiest nation South America Colombia
88%
Third-most biodiverse nation South America Colombia
88%
Second-most forested by % South America Guyana
88%
Second-driest nation Africa Libya
88%
Highest peak (shared) Asia China
83%
Coldest nation Europe Russia
83%
Second-coldest nation North America Canada
79%
Largest recorded earthquake South America Chile
79%
Highest peak (shared) Asia Nepal
79%
Most forested by % South America Suriname
79%
Most mountainous by % Asia Bhutan
75%
Second-most biodiverse nation Asia Indonesia
75%
Third-largest recorded earthquake Asia Indonesia
75%
Hottest nation Africa Mali
75%
Third-driest nation Asia Saudi Arabia
75%
Second-largest recorded earthquake North America United States of America
75%
Lowest average elevation Asia Maldives
71%
Second-most mountainous by % Asia Kyrgyzstan
67%
Third-coldest nation Asia Mongolia
67%
Third-lowest average elevation Europe Netherlands
67%
Second-highest peak Asia Pakistan
67%
Third-hottest nation Africa Mauritania
63%
Third-most mountainous by % Asia Tajikistan
63%
Third-most forested by % Oceania Federated States of Micronesia
58%
Second-lowest average elevation Asia Qatar
58%
Second-rainiest nation (tied) Oceania Tuvalu
50%
Second-hottest nation Africa Burkina Faso
46%
Second-rainiest nation (tied) Africa São Tomé and Principe
46%
No matching quizzes found
Score Distribution
Percent of People with Each Score
Percentile by Number Answered
Your Score History
You have not taken this quiz